[Event "67th POL-ch"]
[Site "Warsaw POL"]
[Date "2010.01.11"]
[Round "3"]
[White "Jakubowski, Krzysztof"]
[Black "Kanarek, Marcel"]
[Result "0-1"]
[WhiteElo "2502"]
[BlackElo "2393"]
[EventDate "2010.01.09"]
[PlyCount "98"]

1.d4 Nf6 2.c4 g6 3.Nc3 d5 4.Bf4 Bg7 5.e3 O-O 6.Rc1 Be6 7.Qb3 b6 8.Nf3 c6 
9.Be2 Nbd7 10.h3 dxc4 11.Bxc4 Bxc4 12.Qxc4 Rc8 13.a4 Nd5 14.Bh2 Nxc3 15.
bxc3 e6 16.O-O c5 17.Qa6 Ra8 18.a5 Qc8 19.Qxc8 Rfxc8 20.Ra1 cxd4 21.cxd4 
b5 22.a6 Rc6 23.Rfb1 Rac8 24.g4 Rb6 25.Rb3 Bf8 26.Kf1 b4 27.Ra5 Rcc6 28.d5
exd5 29.Rxd5 Nc5 30.Rb1 Nxa6 31.Rd8 f6 32.Nd4 Rc3 33.h4 Nc5 34.Rxb4 Rxb4 
35.Bd6 Rb1+ 36.Kg2 Nd7 37.Rxd7 Bxd6 38.Rxd6 Rc7 39.Rxf6 Rb6 40.Rf4 a5 41.
Re4 Ra7 42.Re8+ Kf7 43.Rc8 a4 44.Nc6 Raa6 45.Rc7+ Ke8 46.Ne5 a3 47.Nc4 a2 
48.Rc8+ Ke7 49.Rc7+ Kd8 0-1

[Event "67th POL-ch"]
[Site "Warsaw POL"]
[Date "2010.01.11"]
[Round "3"]
[White "Kempinski, Robert"]
[Black "Strzemiecki, Zbigniew"]
[Result "1/2-1/2"]
[WhiteElo "2617"]
[BlackElo "2333"]
[EventDate "2010.01.09"]
[PlyCount "60"]

1.Nf3 Nf6 2.d4 g6 3.Bf4 Bg7 4.e3 d5 5.Nbd2 O-O 6.c3 Bg4 7.Qb3 Qc8 8.h3 
Bxf3 9.Nxf3 c5 10.dxc5 Nbd7 11.Be2 Nxc5 12.Qc2 Nfd7 13.Bh2 Nb6 14.O-O Re8 
15.a4 a5 16.Bb5 Rd8 17.Rfd1 e6 18.Rac1 Nc4 19.Nd2 Nxd2 20.Rxd2 Ne4 21.Re2 
Nd6 22.Bd3 Qc6 23.Rd1 Rac8 24.Qb3 Bf6 25.Bg3 Nf5 26.Bf4 Nd6 27.Red2 Nc4 
28.Re2 e5 29.Bg3 e4 30.Bb1 Kg7 1/2-1/2

[Event "67th POL-ch"]
[Site "Warsaw POL"]
[Date "2010.01.11"]
[Round "3"]
[White "Krasenkow, Michal"]
[Black "Bobras, Piotr"]
[Result "1-0"]
[WhiteElo "2656"]
[BlackElo "2554"]
[EventDate "2010.01.09"]
[PlyCount "97"]

1.Nf3 Nf6 2.c4 g6 3.Nc3 d5 4.cxd5 Nxd5 5.Qa4+ Bd7 6.Qh4 Nxc3 7.bxc3 e6 8.
Qxd8+ Kxd8 9.Rb1 b6 10.e4 c5 11.d4 Bc6 12.Bd3 Nd7 13.O-O Bd6 14.Bh6 f6 15.
Rfe1 Re8 16.Bc4 Kc7 17.e5 fxe5 18.Nxe5 Bd5 19.Bb5 Bxe5 20.dxe5 c4 21.Be3 
Rf8 22.f4 Nc5 23.Bxc5 bxc5 24.g3 Rfb8 25.Ba4 Rb6 26.Bc2 Rab8 27.Rxb6 axb6 
28.a4 Ra8 29.Rd1 b5 30.axb5 Ra3 31.f5 gxf5 32.Bxf5 Ra2 33.b6+ Kxb6 34.Bxe6
Bxe6 35.Rd6+ Kb5 36.Rxe6 Re2 37.Kf1 Rxh2 38.Rd6 Rh5 39.e6 Re5 40.Kf2 Ka4 
41.Rb6 h6 42.Kf3 Ka5 43.Kf4 Re1 44.Rd6 Ka4 45.Kf5 Rf1+ 46.Kg6 Re1 47.Kf7 
Rf1+ 48.Ke8 Kb3 49.e7 1-0

[Event "67th POL-ch"]
[Site "Warsaw POL"]
[Date "2010.01.11"]
[Round "3"]
[White "Macieja, Bartlomiej"]
[Black "Rutkowski, Maciej"]
[Result "1-0"]
[WhiteElo "2624"]
[BlackElo "2405"]
[EventDate "2010.01.09"]
[PlyCount "61"]

1.e4 e5 2.Nf3 Nc6 3.Bb5 Nf6 4.d3 Bc5 5.c3 d6 6.d4 exd4 7.cxd4 Bb4+ 8.Bd2 
Bxd2+ 9.Nbxd2 Bd7 10.O-O O-O 11.Re1 Ne7 12.Bf1 c6 13.b4 Bg4 14.h3 Bxf3 15.
Qxf3 a5 16.b5 cxb5 17.Bxb5 Qb6 18.e5 Nfd5 19.a4 dxe5 20.dxe5 Nc7 21.Bc4 
Nc6 22.Qe4 Nb4 23.Nf3 Ne6 24.Rad1 Rad8 25.Bxe6 fxe6 26.Rd6 Rxd6 27.exd6 
Qxd6 28.Ng5 Rf5 29.Nxe6 Rd5 30.Nf4 Rd2 31.Qc4+ 1-0

[Event "67th POL-ch"]
[Site "Warsaw POL"]
[Date "2010.01.11"]
[Round "3"]
[White "Stopa, Jacek"]
[Black "Leniart, Arkadiusz"]
[Result "1-0"]
[WhiteElo "2494"]
[BlackElo "2439"]
[EventDate "2010.01.09"]
[PlyCount "83"]

1.Nf3 Nf6 2.g3 g6 3.Bg2 Bg7 4.O-O O-O 5.c4 c6 6.d4 d5 7.cxd5 cxd5 8.Ne5 
Ng4 9.f4 Nxe5 10.dxe5 e6 11.Nc3 Nc6 12.Kh1 b6 13.Be3 Qd7 14.Bg1 Rd8 15.Rc1
Bb7 16.Qd2 Rac8 17.Rfd1 Qe8 18.Qe1 Bf8 19.Nb5 Ba6 20.Nc3 Be7 21.Qf2 Bc5 
22.Qf3 Na5 23.a3 Nb3 24.Nxd5 Rxd5 25.Qxb3 Rxd1 26.Qxd1 Bxg1 27.Rxc8 Qxc8 
28.Kxg1 Qc5+ 29.Kh1 Qe3 30.Bf3 Kg7 31.Kg2 h6 32.Qc2 g5 33.fxg5 Qxg5 34.Qa4
Bc8 35.Qxa7 Qe3 36.Qc7 Ba6 37.Qc3 Qg5 38.Qd4 Qc1 39.Qxb6 Bc4 40.Qd4 Bb3 
41.Qg4+ Kh8 42.Qb4 1-0

[Event "67th POL-ch"]
[Site "Warsaw POL"]
[Date "2010.01.11"]
[Round "3"]
[White "Swiercz, Dariusz"]
[Black "Markowski, Tomasz"]
[Result "1-0"]
[WhiteElo "2474"]
[BlackElo "2629"]
[EventDate "2010.01.09"]
[PlyCount "61"]

1.e4 d6 2.d4 Nf6 3.Nc3 g6 4.Bg5 Bg7 5.Qd2 c6 6.f4 O-O 7.Bd3 b5 8.Nf3 Bg4 
9.O-O-O b4 10.Ne2 Qa5 11.Kb1 Nbd7 12.h3 Bxf3 13.gxf3 Rfc8 14.h4 c5 15.dxc5
Nxc5 16.h5 Na4 17.hxg6 hxg6 18.Bh6 Nc3+ 19.bxc3 bxc3 20.Qc1 Rab8+ 21.Ka1 
Rb4 22.Bxg7 Ra4 23.Qb1 Kxg7 24.Nc1 Nh5 25.f5 Rb4 26.Nb3 Qe5 27.Qc1 Nf4 28.
Rh4 g5 29.Rg1 Kf6 30.Rxg5 Kxg5 31.Qg1+ 1-0

[Event "67th POL-ch"]
[Site "Warsaw POL"]
[Date "2010.01.11"]
[Round "3"]
[White "Wojtaszek, Radoslaw"]
[Black "Bartel, Mateusz"]
[Result "1-0"]
[WhiteElo "2639"]
[BlackElo "2614"]
[EventDate "2010.01.09"]
[PlyCount "101"]

1.d4 d5 2.Nf3 e6 3.c4 c6 4.e3 Bd6 5.Nc3 f5 6.Ne5 Nf6 7.Be2 O-O 8.O-O Nbd7 
9.f4 Ne4 10.Nxe4 fxe4 11.Bd2 Nxe5 12.fxe5 Rxf1+ 13.Bxf1 Be7 14.b4 Bd7 15.
Qb3 b5 16.c5 a6 17.a4 Qc8 18.Be2 Qb7 19.Be1 Bc8 20.Ra3 Qd7 21.axb5 cxb5 
22.Bg4 Bb7 23.Qa2 Bg5 24.Qf2 Rf8 25.Qg3 Qf7 26.h4 Bd8 27.Ra2 Bc8 28.Kh2 
Qf1 29.Be2 Qf7 30.Qh3 Qe8 31.Bg3 Qe7 32.Ra1 Rf7 33.Qg4 Rf8 34.Kh3 Qf7 35.
Bf4 Qg6 36.Qxg6 hxg6 37.Kg4 Kf7 38.Bg5 Ke8 39.Bxd8 Kxd8 40.Kg5 Rf2 41.Bf1 
Ke7 42.Kxg6 Kf8 43.Bxb5 Rxg2+ 44.Kh7 Ke7 45.Bxa6 Bd7 46.Bf1 Rh2 47.Ra7 
Rxh4+ 48.Kxg7 Kd8 49.Ba6 Be8 50.b5 Rg4+ 51.Kf8 1-0

[Event "67th POL-ch"]
[Site "Warsaw POL"]
[Date "2010.01.12"]
[Round "4"]
[White "Bartel, Mateusz"]
[Black "Miton, Kamil"]
[Result "1-0"]
[WhiteElo "2614"]
[BlackElo "2586"]
[EventDate "2010.01.09"]
[PlyCount "93"]

1.e4 e5 2.Nf3 Nc6 3.Bb5 a6 4.Ba4 Nf6 5.Qe2 Bc5 6.c3 O-O 7.d3 d6 8.Bxc6 
bxc6 9.Nbd2 a5 10.O-O Nh5 11.Nc4 f5 12.d4 fxe4 13.Nfxe5 dxe5 14.dxc5 Ba6 
15.Qxe4 Nf6 16.Qe2 Qd5 17.b3 Qxc5 18.Be3 Qd5 19.Rad1 Qe6 20.Rfe1 Rfe8 21.
Bg5 Nd7 22.Qd2 Bxc4 23.Qxd7 Bd5 24.Qxe6+ Bxe6 25.Rxe5 a4 26.Rde1 axb3 27.
axb3 Bf7 28.Rxe8+ Rxe8 29.Rxe8+ Bxe8 30.Bf4 Bf7 31.b4 Bc4 32.Bxc7 Kf7 33.
Be5 g5 34.f3 Ke6 35.Bd4 h5 36.g4 hxg4 37.fxg4 Be2 38.h3 Bc4 39.Kf2 Bd3 40.
Kg3 Bc4 41.Bb6 Kf6 42.Bd8+ Kg6 43.h4 gxh4+ 44.Bxh4 Kf7 45.Kf4 Ke6 46.Ke4 
Bb3 47.Kd4 1-0

[Event "67th POL-ch"]
[Site "Warsaw POL"]
[Date "2010.01.12"]
[Round "4"]
[White "Dziuba, Marcin"]
[Black "Gdanski, Jacek"]
[Result "1-0"]
[WhiteElo "2587"]
[BlackElo "2509"]
[EventDate "2010.01.09"]
[PlyCount "99"]

1.d4 d5 2.c4 c6 3.Nf3 Nf6 4.Nc3 a6 5.a4 g6 6.e3 Bg7 7.Be2 O-O 8.O-O a5 9.
Qb3 e6 10.Ne5 Nfd7 11.f4 Na6 12.Bd2 Nb4 13.Rad1 b6 14.cxd5 exd5 15.Na2 
Nxa2 16.Qxa2 Nxe5 17.fxe5 Be6 18.b4 axb4 19.Bxb4 Qg5 20.Bxf8 Qxe3+ 21.Kh1 
Bxf8 22.Rd3 Qe4 23.Rfd1 b5 24.a5 Ra6 25.Bf3 Qh4 26.Rb3 h5 27.Qd2 Kh7 28.g3
Qd8 29.Ra1 Bh6 30.Qe1 Qg5 31.Rd3 Bf8 32.Bg2 Kg8 33.h4 Qg4 34.Kh2 Bf5 35.
Rdd1 Bh6 36.Qf1 Be3 37.Bf3 Bg1+ 38.Kxg1 Qxg3+ 39.Bg2 Qxh4 40.Qf2 Qe7 41.
Qe3 Kg7 42.Rf1 Qh4 43.Qf4 Qe7 44.Qd2 Qh4 45.Ra3 Qg4 46.Qf2 h4 47.Kh2 b4 
48.Bh3 Qg5 49.Rf3 Rxa5 50.Bxf5 1-0

[Event "67th POL-ch"]
[Site "Warsaw POL"]
[Date "2010.01.12"]
[Round "4"]
[White "Gajewski, Grzegorz"]
[Black "Stopa, Jacek"]
[Result "1/2-1/2"]
[WhiteElo "2568"]
[BlackElo "2494"]
[EventDate "2010.01.09"]
[PlyCount "118"]

1.d4 d5 2.c4 c6 3.Nf3 Nf6 4.e3 e6 5.b3 Nbd7 6.Bd3 Ne4 7.O-O f5 8.Ba3 Bxa3 
9.Nxa3 O-O 10.b4 a6 11.Qe2 Qe7 12.Qb2 b5 13.cxd5 exd5 14.Nc2 Nb6 15.Ne5 
Bd7 16.f3 Nd6 17.Qc3 Ndc4 18.f4 Na4 19.Qe1 Nab2 20.Be2 Rfb8 21.Rb1 Na4 22.
Bd3 Rf8 23.Na1 a5 24.Bxc4 dxc4 25.bxa5 Be8 26.Nb3 Qa3 27.Qc1 Qb4 28.Nc5 
Qxa5 29.Nxa4 Qxa4 30.Rf2 Qa3 31.Qe1 Qd6 32.Qb4 Qxb4 33.Rxb4 Ra3 34.Re2 Bh5
35.Rc2 Bd1 36.Rc1 Ba4 37.Nxc6 Rxe3 38.Kf2 Rfe8 39.Ne5 Re4 40.g3 Rxd4 41.
Nxc4 g6 42.a3 Rc8 43.Nb6 Rd2+ 44.Ke1 Rxc1+ 45.Kxd2 Rc2+ 46.Kd3 Rxh2 47.
Nxa4 bxa4 48.Ke3 h5 49.Rxa4 Rh3 50.Kf2 h4 51.gxh4 Rxh4 52.Kg3 Rg4+ 53.Kf3 
Kg7 54.Ra7+ Kh6 55.Ra8 Rg1 56.Rh8+ Kg7 57.Rb8 Rf1+ 58.Kg3 Rc1 59.Ra8 Kh6 
1/2-1/2

[Event "67th POL-ch"]
[Site "Warsaw POL"]
[Date "2010.01.12"]
[Round "4"]
[White "Hnydiuk, Aleksander"]
[Black "Bulski, Krzysztof"]
[Result "1/2-1/2"]
[WhiteElo "2432"]
[BlackElo "2416"]
[EventDate "2010.01.09"]
[PlyCount "137"]

1.e4 e5 2.Nf3 Nc6 3.d4 exd4 4.Nxd4 Bc5 5.Nxc6 Qf6 6.Qf3 bxc6 7.Nd2 Qxf3 8.
Nxf3 d6 9.Bd3 Nf6 10.O-O O-O 11.h3 Rb8 12.b3 Re8 13.Re1 Bb4 14.Bd2 Bxd2 
15.Nxd2 Nd7 16.Re3 Nc5 17.Bc4 Be6 18.Rae1 f6 19.Kf1 Kf7 20.Rc3 Rb4 21.a3 
Bxc4+ 22.Nxc4 Rb5 23.a4 Rb4 24.e5 Nb7 25.exf6 Rxe1+ 26.Kxe1 gxf6 27.Ke2 
Nd8 28.Ne3 Ne6 29.Rc4 Rb8 30.Nf5 c5 31.Rh4 h5 32.Kd2 Rh8 33.Ne3 Ng5 34.Nd5
Ne6 35.g4 c6 36.Ne3 Ng7 37.Nc4 Ke6 38.gxh5 d5 39.Na5 Nf5 40.Rg4 Ne7 41.Nb7
Rxh5 42.Nxc5+ Kd6 43.Nb7+ Ke5 44.Rg3 d4 45.c3 dxc3+ 46.Rxc3 Nd5 47.Rxc6 
Rxh3 48.Nc5 Nb4 49.Nd7+ Kd5 50.Rc3 Rh6 51.Rf3 Ke6 52.Nc5+ Kd6 53.Nd3 Nd5 
54.Nf4 Nc7 55.Rd3+ Kc6 56.b4 a6 57.Rc3+ Kd6 58.Rc5 Rh1 59.Rf5 Ke7 60.Rc5 
Kd6 61.Rf5 Ke7 62.Ra5 Kd6 63.Nd3 Ra1 64.Nc5 Ra2+ 65.Ke1 f5 66.Nxa6 Nd5 67.
Nb8 Nxb4 68.Rxf5 Rxa4 69.Kf1 1/2-1/2

[Event "67th POL-ch"]
[Site "Warsaw POL"]
[Date "2010.01.12"]
[Round "4"]
[White "Kanarek, Marcel"]
[Black "Bobras, Piotr"]
[Result "1/2-1/2"]
[WhiteElo "2393"]
[BlackElo "2554"]
[EventDate "2010.01.09"]
[PlyCount "70"]

1.e4 c5 2.Nf3 Nc6 3.d4 cxd4 4.Nxd4 Nf6 5.Nc3 e5 6.Ndb5 d6 7.Bg5 a6 8.Na3 
b5 9.Nd5 Be7 10.Bxf6 Bxf6 11.c4 b4 12.Nc2 O-O 13.Ncxb4 Nxb4 14.Nxb4 Qb6 
15.Nd5 Qxb2 16.Bd3 Bd8 17.O-O Be6 18.Qb3 Qxb3 19.axb3 Rb8 20.Rfb1 Bxd5 21.
cxd5 a5 22.Kf1 Rb4 23.Ra4 Bb6 24.Rxb4 axb4 25.Ra1 g6 26.Ra6 Bc5 27.f3 h5 
28.Bb5 Kg7 29.Bc6 f5 30.Ra8 Rf7 31.exf5 Rxf5 32.Re8 h4 33.h3 Rf7 34.Ke2 
Kh6 35.Re6 Kg5 1/2-1/2

[Event "67th POL-ch"]
[Site "Warsaw POL"]
[Date "2010.01.12"]
[Round "4"]
[White "Leniart, Arkadiusz"]
[Black "Gumula, Daniel"]
[Result "1/2-1/2"]
[WhiteElo "2439"]
[BlackElo "2312"]
[EventDate "2010.01.09"]
[PlyCount "85"]

1.c4 g6 2.Nc3 Bg7 3.g3 c5 4.Bg2 Nc6 5.a3 Nh6 6.Rb1 a5 7.e3 d6 8.Nge2 Nf5 
9.O-O Bd7 10.b3 g5 11.h3 h5 12.Bb2 g4 13.h4 Ne5 14.e4 Nd4 15.Nxd4 cxd4 16.
Ne2 Nc6 17.Nf4 Be5 18.Nd3 Bf6 19.b4 Ne5 20.Nxe5 Bxe5 21.Qb3 axb4 22.axb4 
b5 23.cxb5 Bxb5 24.Rfc1 O-O 25.f4 gxf3 26.Qxf3 f6 27.Qxh5 Rf7 28.Bh3 Bd7 
29.Bf5 Rg7 30.Kf2 e6 31.Bh3 Qb6 32.d3 Qxb4 33.Bc3 Qa4 34.Bd2 Qa2 35.Ke2 
Rxg3 36.Rg1 Qxd2+ 37.Kxd2 Ra2+ 38.Rb2 Rxb2+ 39.Kc1 Rxg1+ 40.Kxb2 Kg7 41.
Qe2 Rg3 42.Bf1 Be8 43.Kb3 1/2-1/2

[Event "67th POL-ch"]
[Site "Warsaw POL"]
[Date "2010.01.12"]
[Round "4"]
[White "Macieja, Bartlomiej"]
[Black "Wojtaszek, Radoslaw"]
[Result "0-1"]
[WhiteElo "2624"]
[BlackElo "2639"]
[EventDate "2010.01.09"]
[PlyCount "128"]

1.c4 Nf6 2.Nf3 e6 3.g3 d5 4.Bg2 Be7 5.O-O O-O 6.b3 b6 7.d4 Bb7 8.Nc3 Nbd7 
9.Ne5 c5 10.Bf4 Rc8 11.Rc1 cxd4 12.Qxd4 Bc5 13.Qd2 Nxe5 14.Bxe5 Ng4 15.Bd4
dxc4 16.Bxb7 Bxd4 17.e3 Bxc3 18.Qxc3 Rc5 19.Qd4 Qxd4 20.exd4 Rc7 21.Bf3 
Nh6 22.Rxc4 Rxc4 23.bxc4 Nf5 24.d5 e5 25.Rc1 Nd4 26.Kg2 Rc8 27.d6 Kf8 28.
d7 Rd8 29.c5 Rxd7 30.cxb6 axb6 31.a4 f5 32.Rc8+ Ke7 33.Rh8 e4 34.Bh5 Rd8 
35.Rxh7 Kf6 36.h4 Ne6 37.g4 Nf4+ 38.Kh2 g6 39.g5+ Ke5 40.Bxg6 Nxg6 41.h5 
Nf4 42.h6 Rd3 43.Re7+ Kd6 44.Rf7 Rh3+ 45.Kg1 Ke5 46.Re7+ Ne6 47.h7 Kd6 48.
Rf7 Nxg5 49.Rxf5 Nf3+ 50.Kg2 Rxh7 51.Kg3 Nd4 52.Rf6+ Ne6 53.Kg4 Ke7 54.Rf5
Rg7+ 55.Kh4 Rf7 56.Rb5 Rxf2 57.Rxb6 Ra2 58.Kg4 Kf6 59.Ra6 Ke5 60.a5 Rg2+ 
61.Kh4 e3 62.Rb6 e2 63.Rb1 Kf4 64.Kh5 Rg5+ 0-1

[Event "67th POL-ch"]
[Site "Warsaw POL"]
[Date "2010.01.12"]
[Round "4"]
[White "Markowski, Tomasz"]
[Black "Strzemiecki, Zbigniew"]
[Result "1-0"]
[WhiteElo "2629"]
[BlackElo "2333"]
[EventDate "2010.01.09"]
[PlyCount "215"]

1.Nf3 Nf6 2.c4 g6 3.b3 Bg7 4.Bb2 O-O 5.g3 c6 6.Bg2 d5 7.O-O a5 8.a3 a4 9.
cxd5 Nxd5 10.Bxg7 Kxg7 11.b4 Bg4 12.Ne5 Be6 13.d4 Nb6 14.Nc3 f6 15.Nf3 Bb3
16.Qc1 Na6 17.e3 Bd5 18.Qc2 Nc7 19.Ne4 Bxe4 20.Qxe4 Nb5 21.Rfc1 Qd6 22.Bf1
Nc7 23.Qc2 Nd7 24.Rd1 Rfd8 25.Rac1 e6 26.Nd2 Qe7 27.Nc4 Ra7 28.Qb2 Nb5 29.
Bg2 Nd6 30.Nxd6 Qxd6 31.Qc3 Raa8 32.Bf3 Qe7 33.Qc2 Rdc8 34.Bg2 e5 35.Qb2 
exd4 36.exd4 Qd6 37.b5 Rab8 38.Re1 Kh6 39.Rc2 Re8 40.Qc1+ Kg7 41.Rxe8 Rxe8
42.bxc6 bxc6 43.Bxc6 Re7 44.Bxa4 Qxd4 45.Bxd7 Qxd7 46.Rc6 g5 47.Rc3 Qd6 
48.Re3 Ra7 49.h4 Qd5 50.hxg5 Qxg5 51.Qc8 Qd5 52.Qg4+ Kf7 53.Qh4 Kg7 54.Qb4
Kg6 55.Qb1+ Kg7 56.Rd3 Qe6 57.Qd1 Kg6 58.a4 Qe4 59.Rd4 Qe6 60.Qf3 h5 61.
Kg2 Ra5 62.Qd3+ Qf5 63.Qc4 Kh6 64.Rf4 Qe5 65.Qf7 Ra6 66.Kh2 Rc6 67.Qf8+ 
Kg6 68.Qg8+ Kh6 69.Qd8 Ra6 70.Qd2 Kg7 71.Rd4 Qf5 72.Rd5 Qe4 73.Rd4 Qf5 74.
Kg2 Ra5 75.Qb4 Qe5 76.Rd7+ Kg6 77.Qb7 Qf5 78.Rd8 Qe6 79.Rd4 Qf5 80.Qc6 Re5
81.Qa8 Re2 82.Rf4 Qe6 83.Qf3 Ra2 84.Rh4 Qe2 85.Qf4 Ra1 86.Rh1 Ra2 87.Rc1 
Qg4 88.Qxg4+ hxg4 89.Rc4 f5 90.Kf1 Kf6 91.Rf4 Ke5 92.Ke1 Ke6 93.Kd1 Rb2 
94.Kc1 Rb8 95.Kc2 Ra8 96.Kb3 Ke5 97.Kb4 Rb8+ 98.Kc5 Rc8+ 99.Kb6 Rb8+ 100.
Kc7 Rb2 101.a5 Ra2 102.Kb6 Rb2+ 103.Ka7 Ra2 104.a6 Rb2 105.Ka8 Rb6 106.a7 
Rb2 107.Ra4 Kd6 108.Ra5 1-0

[Event "67th POL-ch"]
[Site "Warsaw POL"]
[Date "2010.01.12"]
[Round "4"]
[White "Rutkowski, Maciej"]
[Black "Kempinski, Robert"]
[Result "1/2-1/2"]
[WhiteElo "2405"]
[BlackElo "2617"]
[EventDate "2010.01.09"]
[PlyCount "59"]

1.d4 Nf6 2.Nf3 g6 3.g3 d5 4.Bg2 Bg7 5.O-O O-O 6.c4 dxc4 7.Na3 c3 8.bxc3 c5
9.e3 Nc6 10.Qe2 Qa5 11.Bb2 Rd8 12.Rfc1 Bg4 13.h3 Bxf3 14.Bxf3 Rac8 15.Rd1 
Nd5 16.Bxd5 Rxd5 17.c4 Rdd8 18.d5 Bxb2 19.Qxb2 Qb4 20.Qxb4 Nxb4 21.Nb5 Ra8
22.a3 Na6 23.e4 Rd7 24.e5 Nc7 25.Nc3 Rad8 26.Ne4 b6 27.Kg2 Ne6 28.Nc3 Nd4 
29.Rdb1 Kg7 30.Ra2 1/2-1/2

[Event "67th POL-ch"]
[Site "Warsaw POL"]
[Date "2010.01.13"]
[Round "5"]
[White "Bulski, Krzysztof"]
[Black "Leniart, Arkadiusz"]
[Result "1-0"]
[WhiteElo "2416"]
[BlackElo "2439"]
[EventDate "2010.01.09"]
[PlyCount "65"]

1.e4 c5 2.Nf3 Nc6 3.d4 cxd4 4.Nxd4 Nf6 5.Nc3 e5 6.Ndb5 d6 7.Bg5 a6 8.Na3 
b5 9.Nd5 Be7 10.Bxf6 Bxf6 11.c3 O-O 12.Nc2 Bg5 13.a4 bxa4 14.Rxa4 a5 15.
Bc4 Rb8 16.Ra2 Kh8 17.Nce3 g6 18.h4 Bxh4 19.g3 Bf6 20.f4 exf4 21.gxf4 Bg7 
22.b3 Re8 23.Qf3 Kg8 24.Rah2 h5 25.Qg2 Bg4 26.Nxg4 hxg4 27.Rh7 Ne5 28.fxe5
Qg5 29.Nf6+ Bxf6 30.exf6 Qxf6 31.Bxf7+ Kf8 32.Bxe8 Qxc3+ 33.Qd2 1-0

[Event "67th POL-ch"]
[Site "Warsaw POL"]
[Date "2010.01.13"]
[Round "5"]
[White "Gumula, Daniel"]
[Black "Dragun, Kamil"]
[Result "1-0"]
[WhiteElo "2312"]
[BlackElo "2300"]
[EventDate "2010.01.09"]
[PlyCount "105"]

1.c4 e5 2.Nc3 Nf6 3.g3 Bb4 4.Bg2 O-O 5.e4 Nc6 6.Nge2 Nd4 7.a3 Nxe2 8.Nxe2 
Be7 9.d4 exd4 10.Nxd4 d6 11.O-O Re8 12.h3 c6 13.Re1 Qb6 14.b3 Bd7 15.Be3 
Qc7 16.g4 c5 17.Nf5 Bf8 18.Qd3 g6 19.Nh6+ Bxh6 20.Bxh6 Re6 21.f4 Bc6 22.f5
Ree8 23.Rad1 Qe7 24.Bg5 Rad8 25.Qc3 Nxe4 26.Bxe7 Nxc3 27.Bxd8 Nxd1 28.
Rxe8+ Bxe8 29.fxg6 fxg6 30.Bxb7 Kf8 31.Bf6 Kf7 32.Bg5 Nc3 33.Kf1 Ke6 34.
Bd2 Nb1 35.Bc1 Nc3 36.Bb2 Nd1 37.Bh8 Ne3+ 38.Ke2 Nc2 39.Kd3 Nd4 40.Bxd4 
cxd4 41.Kxd4 g5 42.b4 h5 43.b5 hxg4 44.hxg4 Ke7 45.Bc6 Bf7 46.a4 Be6 47.a5
Kd8 48.b6 a6 49.Bf3 Kc8 50.c5 dxc5+ 51.Kxc5 Kb8 52.Kd6 Bd7 53.Ke5 1-0

[Event "67th POL-ch"]
[Site "Warsaw POL"]
[Date "2010.01.13"]
[Round "5"]
[White "Kempinski, Robert"]
[Black "Bartel, Mateusz"]
[Result "1/2-1/2"]
[WhiteElo "2617"]
[BlackElo "2614"]
[EventDate "2010.01.09"]
[PlyCount "77"]

1.Nf3 f5 2.c4 g6 3.b4 Bg7 4.d4 d6 5.e3 Nh6 6.Bb2 O-O 7.Be2 Nf7 8.Qb3 e5 9.
dxe5 dxe5 10.c5 Qe7 11.Nbd2 a5 12.a3 axb4 13.axb4 Rxa1+ 14.Bxa1 Nc6 15.O-O
Rd8 16.b5 Na5 17.Qa2 b6 18.cxb6 cxb6 19.Bc3 Be6 20.Qb2 Qc7 21.Ra1 Nb7 22.
Rc1 Rc8 23.Nb3 Qb8 24.Nfd2 Nc5 25.Nxc5 Rxc5 26.Bb4 e4 27.Qa3 Rxc1+ 28.Qxc1
Ne5 29.h3 Bf6 30.Qa3 Qc7 31.Qa8+ Bd8 32.Qa3 Qc2 33.Bc3 Bf6 34.Bxe5 Bxe5 
35.Qe7 Qc8 36.Nc4 Bc7 37.g3 Qd7 38.Qf6 Bd8 39.Qe5 1/2-1/2

[Event "67th POL-ch"]
[Site "Warsaw POL"]
[Date "2010.01.13"]
[Round "5"]
[White "Mista, Aleksander"]
[Black "Gdanski, Jacek"]
[Result "0-1"]
[WhiteElo "2563"]
[BlackElo "2509"]
[EventDate "2010.01.09"]
[PlyCount "86"]

1.e4 e6 2.d4 d5 3.Nd2 c5 4.Ngf3 cxd4 5.exd5 Qxd5 6.Bc4 Qd6 7.O-O Nf6 8.Nb3
Nc6 9.Nbxd4 Nxd4 10.Nxd4 Be7 11.c3 O-O 12.Qf3 Qc7 13.Bb3 Bd7 14.Bg5 Nd5 
15.Bxe7 Nxe7 16.Rfe1 Rad8 17.Re3 Ng6 18.Bc2 e5 19.Nf5 Bc6 20.Be4 Rd2 21.b4
Rfd8 22.g3 Bxe4 23.Qxe4 f6 24.c4 Ne7 25.c5 Nxf5 26.Qxf5 Qc6 27.a3 R8d4 28.
Rc1 g6 29.Qf3 a6 30.Kg2 Kf7 31.h4 h5 32.Rb3 Ra2 33.Kg1 Rdd2 34.Rf1 Qxf3 
35.Rxf3 Ke6 36.Rc1 e4 37.Rf4 f5 38.c6 bxc6 39.Rxc6+ Rd6 40.Rxd6+ Kxd6 41.
f3 Rxa3 42.fxe4 Rxg3+ 43.Kf2 Rg4 0-1

[Event "67th POL-ch"]
[Site "Warsaw POL"]
[Date "2010.01.13"]
[Round "5"]
[White "Miton, Kamil"]
[Black "Piorun, Kacper"]
[Result "1/2-1/2"]
[WhiteElo "2586"]
[BlackElo "2489"]
[EventDate "2010.01.09"]
[PlyCount "64"]

1.d4 Nf6 2.c4 g6 3.Nf3 Bg7 4.g3 O-O 5.Bg2 d5 6.cxd5 Nxd5 7.O-O Nb6 8.Nc3 
Nc6 9.e3 Re8 10.Re1 a5 11.h3 a4 12.Rb1 Ra5 13.Bd2 e5 14.Ne2 Rb5 15.Nxe5 
Nxe5 16.dxe5 Bf5 17.e4 Be6 18.Nc3 Rb4 19.Qc2 Bxe5 20.Red1 Qc8 21.Kh2 Rd8 
22.Bg5 f6 23.Be3 Bd4 24.Bxd4 Rdxd4 25.Nd5 Nxd5 26.Rxd4 Rxd4 27.exd5 Bxd5 
28.Bxd5+ Rxd5 29.Qxa4 Qf5 30.Qe8+ Kg7 31.Qe7+ Kg8 32.Qe8+ Kg7 1/2-1/2

[Event "67th POL-ch"]
[Site "Warsaw POL"]
[Date "2010.01.13"]
[Round "5"]
[White "Pakleza, Zbigniew"]
[Black "Macieja, Bartlomiej"]
[Result "1/2-1/2"]
[WhiteElo "2498"]
[BlackElo "2624"]
[EventDate "2010.01.09"]
[PlyCount "67"]

1.d4 Nf6 2.Nf3 d5 3.Bf4 c5 4.e3 Nc6 5.c3 Qb6 6.Qb3 c4 7.Qc2 Bf5 8.Qc1 e6 
9.Nbd2 Be7 10.Be2 O-O 11.O-O Nh5 12.Be5 f6 13.Bg3 Nxg3 14.hxg3 Qc7 15.Nh4 
b5 16.Nxf5 exf5 17.Qc2 Qd7 18.b3 Rfd8 19.Rfb1 Bf8 20.Bf3 g5 21.a4 a6 22.
bxc4 bxc4 23.Rb6 g4 24.Bd1 Kg7 25.Rxc6 Qxc6 26.Qxf5 Qd7 27.Qh5 Rab8 28.
Bxg4 Qf7 29.Qh3 Qg6 30.Bf5 Qh6 31.Qg4+ Qg5 32.Qh3 Qh6 33.Qg4+ Qg5 34.Qh3 
1/2-1/2

[Event "67th POL-ch"]
[Site "Warsaw POL"]
[Date "2010.01.13"]
[Round "5"]
[White "Rutkowski, Maciej"]
[Black "Markowski, Tomasz"]
[Result "0-1"]
[WhiteElo "2405"]
[BlackElo "2629"]
[EventDate "2010.01.09"]
[PlyCount "82"]

1.d4 d6 2.e4 Nf6 3.Nc3 Nc6 4.Nf3 Bg4 5.Be2 e5 6.d5 Ne7 7.Bg5 Bd7 8.Nd2 Ng6
9.g3 Be7 10.h4 Ng8 11.Be3 h6 12.a4 Nf6 13.h5 Nf8 14.f4 N8h7 15.Nc4 O-O 16.
Rg1 Re8 17.Qd3 Ng4 18.Bxg4 Bxg4 19.f5 Nf6 20.Bd2 Bxh5 21.Rh1 c6 22.Ne3 Bf3
23.Rf1 Bg4 24.Rh1 Rc8 25.Rh4 Bf3 26.dxc6 bxc6 27.Qf1 d5 28.Qxf3 d4 29.Rh2 
dxe3 30.Bxe3 Bb4 31.g4 Bxc3+ 32.bxc3 Qa5 33.Bd2 Qc5 34.Kf1 Qc4+ 35.Re2 
Red8 36.Ke1 Rd6 37.g5 hxg5 38.Bxg5 Nh7 39.Bd2 Rcd8 40.Rg2 Kf8 41.Qg4 Nf6 
0-1

[Event "67th POL-ch"]
[Site "Warsaw POL"]
[Date "2010.01.13"]
[Round "5"]
[White "Strzemiecki, Zbigniew"]
[Black "Socko, Bartosz"]
[Result "1/2-1/2"]
[WhiteElo "2333"]
[BlackElo "2643"]
[EventDate "2010.01.09"]
[PlyCount "77"]

1.e4 e6 2.d4 d5 3.Nc3 Nf6 4.Bg5 Bb4 5.exd5 Qxd5 6.Bxf6 Bxc3+ 7.bxc3 gxf6 
8.Nf3 b6 9.c4 Qa5+ 10.Qd2 Qxd2+ 11.Kxd2 Bb7 12.Be2 c5 13.c3 Nc6 14.Rab1 
O-O-O 15.Ke3 Ba6 16.Rhd1 Rd7 17.dxc5 bxc5 18.Rxd7 Kxd7 19.Nd2 Na5 20.Nb3 
Nxc4+ 21.Bxc4 Bxc4 22.Nxc5+ Kc7 23.Rb4 Bxa2 24.c4 a5 25.Ra4 Bb1 26.Rxa5 
Kd6 27.Nb3 Rb8 28.Ra6+ Ke7 29.Ra7+ Ke8 30.Nd2 Bf5 31.g4 Bg6 32.h4 Rd8 33.
h5 Bc2 34.Ra3 f5 35.Rc3 Bd1 36.gxf5 exf5 37.Nf3 Bxf3 38.Kxf3 Rd4 39.Re3+ 
1/2-1/2

[Event "67th POL-ch"]
[Site "Warsaw POL"]
[Date "2010.01.13"]
[Round "5"]
[White "Swiercz, Dariusz"]
[Black "Dziuba, Marcin"]
[Result "0-1"]
[WhiteElo "2474"]
[BlackElo "2587"]
[EventDate "2010.01.09"]
[PlyCount "56"]

1.e4 e5 2.Nf3 Nf6 3.d4 Nxe4 4.Bd3 d5 5.dxe5 Nc5 6.Be2 Be7 7.O-O O-O 8.Bf4 
c6 9.Nbd2 Nbd7 10.h3 f6 11.exf6 Nxf6 12.Be3 Ne6 13.c3 Bd6 14.Re1 Nf4 15.
Bf1 Bf5 16.Qb3 Qd7 17.c4 Nxh3+ 18.gxh3 Bxh3 19.Bxh3 Qxh3 20.cxd5 Ng4 21.
dxc6+ Kh8 22.Qd5 Rad8 23.Qe4 Bh2+ 24.Kh1 Bg3+ 25.Kg1 Rxd2 26.Rf1 Bh2+ 27.
Kh1 Bf4+ 28.Kg1 Nxe3 0-1

[Event "67th POL-ch"]
[Site "Warsaw POL"]
[Date "2010.01.13"]
[Round "5"]
[White "Wojtaszek, Radoslaw"]
[Black "Krasenkow, Michal"]
[Result "1/2-1/2"]
[WhiteElo "2639"]
[BlackElo "2656"]
[EventDate "2010.01.09"]
[PlyCount "69"]

1.d4 Nf6 2.c4 g6 3.Nc3 d5 4.Bg5 Ne4 5.Bh4 Nxc3 6.bxc3 dxc4 7.e3 Be6 8.Nf3 
Nd7 9.Be2 Nb6 10.O-O Bg7 11.a4 a5 12.Nd2 f5 13.Qb1 Qd7 14.Qa2 O-O 15.Rfb1 
Bd5 16.Qa3 Rfe8 17.Qc5 Qd6 18.Qxd6 exd6 19.Rxb6 cxb6 20.Nxc4 Bxc4 21.Bxc4+
Kh8 22.Bd5 Rac8 23.c4 f4 24.Bg5 fxe3 25.Bxe3 Rc7 26.g4 Rce7 27.Ra3 Re4 28.
Bxe4 Rxe4 29.Kg2 Rxg4+ 30.Kf3 h5 31.h3 Rh4 32.Kg3 Re4 33.Kf3 Rh4 34.Kg3 
Re4 35.Kf3 1/2-1/2